1469 1717 1836 1771 1078 1774 1551 1416 1786 1847 1717 1797 1848 1955 1596 1074 1499 1909 1450 1794 1235 1673 1734 1536 1652 1810 1182 1260 1057 1732 1362 1718 1597 1195 1306 1575 1557 1327 1336 1810 1245 1356 1224 1458 1830 1935 1996 1053 1279 1639 1238 1127 1462 1085 1317 1787 1513 1991 1759 1019 1638 1781 1607 1226 1083 1472 1080 1116 1053 1341 1097 1933 1271 1348 1371 1619 1322 1643 1233 1816 1735 1638 1887 1356 1957 1310 1826 1664 1166 1126 1380 1547 1144 1631 1058 1694 1734 1607 1085 BCNSPRNW ULIB Ver.6.0+V

เปลี่ยนเป็นภาษาไทย

Change to English
 แสดงรายละเอียดบรรณานุกรม
  กลับหน้าหลัก

Brief Record : Get Marc (ISO 2709) : E-mail record : QR code < ปิดหน้าต่าง
LEADER : 00000nam 2200000uu 4500
001    13399112648
003     ULIB
008    110830s2553||||th 000 0 tha d
020    9789744015969
060 04 WS280^bด764P 2553
100    ดุสิต สถาวร
245 00 Pediatric critical care : Evolving concepts and current practice /^cบรรณาธิการ ดุสิต สถาวร , จิตลัดดา ดีโรจนวงศ์ ,นวลจันทร์ ปราบพาล
260    กรุงเทพฯ :^bชมรมโรคระบบหายใจในเด็กแห่งประเทศไทย,^c2553
300    viii, 224 :^bภาพประกอบ ;^c27 ซม.
650  2 Respiratory Tract Diseases^xin infancy & childhood
650  4 โรคระบบหายใจ
650  4 ทางเดินหายใจ, โรค
700 0  จิตลัดดา ดีโรจนวงศ์,^eบรรณาธิการ
700 0  นวลจันทร์ ปราบพาล,^eบรรณาธิการ
710 2  ชมรมโรคระบบหายใจในเด็กแหงประเทศไทย
945    ^p300^l0^i030478
945    ^p300^l0^i030479
945    ^p300^l0^i030480
945    ^p300^l0^i030481
945    ^p300^l0^i030482
995    ทศพร
999 ^a ทศพร
รายการนี้ยังไม่มีแท็ก
คุณยังไม่ได้ล็อกอิน คุณสามารถมีกิจกรรมร่วมกับเว็บไซต์ได้ แต่ต้องล็อกอินก่อน ::
  ล็อกอิน

รายการสื่อสารสนเทศ

ลำดับที่ ประเภท เลขเรียก/บาร์โค้ด สถานที่ สถานะ
1. วิทยาศาสตร์การแพทย์ และสุขภาพ
หนังสือสำรอง
สถานะ=หนังสือสำรอง
WS280 ด764P 2553 ฉ.1 
  Barcode: 030478
ห้องสมุดวิทยาเขตสวรรค์ประชารักษ์
►ส่วนจัดเก็บหนังสือเก่า สปร
บนชั้น
  ขอยืม
2. วิทยาศาสตร์การแพทย์ และสุขภาพ
วิทยาศาสตร์การแพทย์ และสุขภาพ
WS280 ด764P 2553 ฉ.2 
  Barcode: 030479
ห้องสมุดวิทยาเขตสวรรค์ประชารักษ์
►ส่วนจัดเก็บหนังสือเก่า สปร
บนชั้น
  ขอยืม
3. วิทยาศาสตร์การแพทย์ และสุขภาพ
วิทยาศาสตร์การแพทย์ และสุขภาพ
WS280 ด764P 2553 ฉ.3 
  Barcode: 030480
ห้องสมุดวิทยาเขตสวรรค์ประชารักษ์
►ส่วนจัดเก็บหนังสือเก่า สปร
บนชั้น
  ขอยืม
4. วิทยาศาสตร์การแพทย์ และสุขภาพ
วิทยาศาสตร์การแพทย์ และสุขภาพ
WS280 ด764P 2553 ฉ.4 
  Barcode: 030481
ห้องสมุดวิทยาเขตสวรรค์ประชารักษ์
►ส่วนจัดเก็บหนังสือเก่า สปร
บนชั้น
  ขอยืม
5. วิทยาศาสตร์การแพทย์ และสุขภาพ
วิทยาศาสตร์การแพทย์ และสุขภาพ
WS280 ด764P 2553 ฉ.5 
  Barcode: 030482
ห้องสมุดวิทยาเขตสวรรค์ประชารักษ์
►ส่วนจัดเก็บหนังสือเก่า สปร
บนชั้น
  ขอยืม

รายการใกล้เคียง
    ผู้แต่ง [ดุสิต สถาวร]

    หัวเรื่อง [โรคระบบหายใจ]
    หัวเรื่อง [ทางเดินหายใจ, โรค]

BibComment


ยังไม่เคยถูกคอมเมนท์

คอมเมนท์ทรัพยากรรายการนี้
  คอมเมนท์: Pediatric critica..


 Copyright 2026. Bcnsprnw @Library